00998cam a22002537i 4500020001500000020001800015040001000033082002600043100001900069245002600088250001700114300004600131490001800177500002800195500002400223520020900247650002300456650002200479650001300501700002300514856006900537856006900606856006900675 a1119154685 a9781119154686 cYDXCP04a005 JAM 2001 A002 Or.1 aBeaver, Kevin,10aHacking for dummies / a5th edition. axvi, 390 pages :billustrations ;c24 cm.1 a--For dummies aPrevious edition: 2013. aIncludes and index. aUntil you can think like a bad guy and recognize the vulnerabilities in your system, you can't build an effective plan to keep your information secure. The book helps you stay on top of the security game! 0aComputer security. 0aComputer networks 0aHackers.1 aStiennon, Richard,42uhttps://www.loc.gov/catdir/enhancements/fy1701/2015956627-b.html42uhttps://www.loc.gov/catdir/enhancements/fy1701/2015956627-d.html41uhttps://www.loc.gov/catdir/enhancements/fy1701/2015956627-t.html